100 Largest Countries In The World - Statistics

General Stats
  • This quiz has been taken 364 times
  • The average score is 83 of 100
Answer Stats
No. Total (km2) Country Name % Correct
4 9,525,067 United States
99%
1 17,098,246 Russia
98%
5 8,510,346 Brazil
97%
2 9,984,670 Canada
97%
13 1,964,375 Mexico
97%
6 7,741,220 Australia
96%
3 9,596,960 China
96%
7 3,287,263 India
96%
8 2,780,400 Argentina
94%
78 244,376 United Kingdom
94%
10 2,381,741 Algeria
93%
48 551,500 France
93%
14 1,904,569 Indonesia
93%
51 505,370 Spain
92%
37 756,102 Chile
91%
11 2,344,858 Democratic Republic of the Congo
91%
62 357,581 Germany
91%
61 377,915 Japan
91%
21 1,267,000 Niger
91%
69 312,685 Poland
91%
17 1,648,195 Iran
90%
9 2,724,910 Kazakhstan
90%
75 268,838 New Zealand
90%
15 1,861,484 Sudan
90%
55 450,295 Sweden
90%
64 338,145 Finland
89%
58 438,317 Iraq
89%
71 302,068 Italy
89%
18 1,564,116 Mongolia
89%
19 1,285,216 Peru
89%
12 2,149,690 Saudi Arabia
89%
24 1,219,090 South Africa
89%
25 1,138,910 Colombia
88%
29 1,001,450 Egypt
88%
67 323,802 Norway
88%
33 882,363 Pakistan
88%
50 513,120 Thailand
88%
36 783,562 Turkey
88%
20 1,284,000 Chad
87%
16 1,759,540 Libya
87%
31 923,768 Nigeria
87%
44 603,550 Ukraine
87%
65 331,340 Vietnam
87%
41 644,329 South Sudan
86%
32 912,050 Venezuela
86%
40 652,864 Afghanistan
85%
57 446,550 Morocco
85%
63 342,000 Republic of the Congo
84%
27 1,098,581 Bolivia
83%
88 181,035 Cambodia
83%
26 1,104,300 Ethiopia
83%
23 1,240,192 Mali
83%
89 176,215 Uruguay
83%
56 447,400 Uzbekistan
83%
22 1,246,700 Angola
82%
66 330,621 Malaysia
82%
70 309,500 Oman
82%
59 406,752 Paraguay
82%
49 527,968 Yemen
82%
52 488,100 Turkmenistan
81%
95 131,957 Greece
80%
47 580,367 Kenya
80%
42 637,657 Somalia
80%
84 207,600 Belarus
79%
73 283,561 Ecuador
79%
28 1,030,700 Mauritania
79%
39 676,578 Myanmar
79%
34 824,292 Namibia
79%
85 199,949 Kyrgyzstan
78%
82 236,800 Laos
78%
45 587,041 Madagascar
78%
54 462,840 Papua New Guinea
78%
81 238,537 Romania
78%
87 185,180 Syria
78%
94 144,100 Tajikistan
78%
30 947,303 Tanzania
78%
46 582,000 Botswana
77%
43 622,984 Central African Republic
77%
38 752,612 Zambia
77%
60 390,757 Zimbabwe
77%
72 300,000 Philippines
76%
35 799,380 Mozambique
75%
80 238,537 Ghana
73%
90 163,820 Suriname
73%
53 475,650 Cameroon
72%
83 214,969 Guyana
72%
97 120,538 North Korea
72%
86 196,712 Senegal
71%
79 241,550 Uganda
71%
93 147,181 Nepal
70%
92 148,460 Bangladesh
68%
76 267,668 Gabon
67%
77 245,857 Guinea
67%
91 163,610 Tunisia
67%
68 322,462 Côte d'Ivoire
66%
99 117,600 Eritrea
64%
74 274,200 Burkina Faso
63%
96 130,373 Nicaragua
58%
100 112,492 Benin
57%
98 118,484 Malawi
57%
No matching quizzes found
Score Distribution
Percent of People with Each Score
Percentile by Number Answered
Your Score History
You have not taken this quiz